Qui est riche, qui est pauvre ? (notice n° 1515245)
[ vue normale ]
| 000 -LEADER | |
|---|---|
| fixed length control field | 00529cam a2200157 4500500 |
| 005 - DATE AND TIME OF LATEST TRANSACTION | |
| control field | 20251012004340.0 |
| 041 ## - LANGUAGE CODE | |
| Language code of text/sound track or separate title | fre |
| 042 ## - AUTHENTICATION CODE | |
| Authentication code | dc |
| 100 10 - MAIN ENTRY--PERSONAL NAME | |
| Personal name | Maurin, Louis |
| Relator term | author |
| 245 00 - TITLE STATEMENT | |
| Title | Qui est riche, qui est pauvre ? |
| 260 ## - PUBLICATION, DISTRIBUTION, ETC. | |
| Date of publication, distribution, etc. | 2016.<br/> |
| 500 ## - GENERAL NOTE | |
| General note | 12 |
| 700 10 - ADDED ENTRY--PERSONAL NAME | |
| Personal name | Jeanneau, Laurent |
| Relator term | author |
| 786 0# - DATA SOURCE ENTRY | |
| Note | Alternatives Économiques | 109 - Hors série | HS1 | 2016-10-01 | p. 20-20 | 0247-3739 |
| 856 41 - ELECTRONIC LOCATION AND ACCESS | |
| Uniform Resource Identifier | <a href="https://shs.cairn.info/magazine-alternatives-economiques-2016-hs1-page-20?lang=fr&redirect-ssocas=7080">https://shs.cairn.info/magazine-alternatives-economiques-2016-hs1-page-20?lang=fr&redirect-ssocas=7080</a> |
Pas d'exemplaire disponible.




Réseaux sociaux